|
|
|
|
| LEADER |
01477nam a2200289 a 4500 |
| 001 |
2974038 |
| 008 |
090917s1991 bg a b 001 0 eng d |
| 010 |
|
|
|a \\\91905727
|
| 020 |
|
|
|a 9840511513 :
|c Tk225.00
|
| 040 |
|
|
|a DLC
|c DLC
|d DLC
|
| 082 |
0 |
0 |
|a 614.4/7083095492
|2 20
|
| 245 |
0 |
0 |
|a Near miracle in Bangladesh /
|c editor, Mujibul Huq.
|
| 260 |
|
|
|a Dhaka, Bangladesh :
|b University Press,
|c 1991.
|
| 300 |
|
|
|a xvi, 112 p. :
|b ill. ;
|c 23 cm.
|
| 500 |
|
|
|a On the immunization program for children in Bangladesh.
|
| 504 |
|
|
|a Includes bibliographical references.
|
| 504 |
|
|
|a Includes bibliographical references and index.
|
| 541 |
1 |
|
|e 00004773
|
| 650 |
|
0 |
|a Immunization of children
|z Bangladesh.
|
| 650 |
|
0 |
|a Immunization of infants
|z Bangladesh.
|
| 650 |
|
0 |
|a Regional Medical Programs
|z Bangladesh.
|
| 700 |
1 |
|
|a Huq, Mujibul.
|
| 852 |
4 |
|
|a Ayesha Abed Library
|j General shelf
|
| 999 |
|
|
|c 4085
|d 4085
|
| 952 |
|
|
|0 0
|1 0
|2 ddc
|4 0
|6 614_470830954920000_NEA_1991
|7 0
|9 3759
|a BRACUL
|b BRACUL
|c GEN
|d 2009-10-03
|g 0.00
|l 0
|o 614.47083095492 NEA
|p 3010004773
|r 2009-10-03
|t 1
|w 2009-10-03
|y BK
|x No price found in the accession register.
|
| 952 |
|
|
|0 0
|1 0
|2 ddc
|4 0
|6 614_470830954920000_NEA_1991
|7 0
|9 8611
|a BRACUL
|b BRACUL
|c GEN
|d 2010-03-16
|g 225.00
|l 0
|o 614.47083095492 NEA
|p 3010005337
|r 2010-03-16
|t 2
|w 2010-03-16
|y BK
|
| 952 |
|
|
|0 0
|1 0
|2 ddc
|4 0
|6 614_470830954920000_NEA_1991
|7 0
|9 9569
|a BRACUL
|b BRACUL
|c GEN
|d 2010-04-29
|g 225.00
|l 1
|m 5
|o 614.47083095492 NEA
|p 3010004397
|r 2017-10-16
|s 2017-09-21
|t 1
|w 2010-04-29
|y BK
|